|
|
|
|
| LEADER |
00000nam0a2200000 4500 |
| 001 |
25595 |
| 005 |
20231101205701.0 |
| 010 |
|
|
|a 5222006441
|
| 035 |
|
|
|a (RuTPU)RU\TPU\book\25832
|
| 035 |
|
|
|a BOOK00025907
|
| 090 |
|
|
|a 25595
|
| 100 |
|
|
|a 20011209d1999 m y0rusy50 ca
|
| 101 |
1 |
|
|a rus
|c gre
|
| 102 |
|
|
|a RU
|
| 105 |
|
|
|a y z 000ay
|
| 200 |
1 |
|
|a Заповеди. Басни. Жизнеописания
|e пер. с древнегреч.
|f Эзоп
|
| 210 |
|
|
|a Ростов-на-Дону
|c Феникс
|d 1999
|
| 215 |
|
|
|a 319 с.
|
| 225 |
1 |
|
|a Всемирная библиотека поэзии
|
| 610 |
1 |
|
|a басни
|
| 610 |
1 |
|
|a заповеди
|
| 610 |
1 |
|
|a жизнеописания
|
| 675 |
|
|
|a 875
|v 3
|
| 700 |
|
0 |
|a Эзоп
|c древнегреческий баснописец
|f 6 в. до н.э.
|2 stltpush
|3 (RuTPU)RU\TPU\pers\9815
|9 2022
|
| 801 |
|
0 |
|a RU
|b 63413507
|c 20011209
|g PSBO
|
| 801 |
|
2 |
|a RU
|b 63413507
|c 20090211
|g PSBO
|
| 942 |
|
|
|c BK
|